Народные артисты: театральные портреты

Detaylı Bibliyografya
Yazar: Пименов В. Ф. Владимир Федорович
Dil:Rusça
Baskı/Yayın Bilgisi: Москва, Искусство, 1986
Konular:
Materyal Türü: Kitap
KOHA link:https://koha.lib.tpu.ru/cgi-bin/koha/opac-detail.pl?biblionumber=278946

MARC

LEADER 00000nam0a2200000 4500
001 278946
005 20231101235149.0
020 |a RU  |b 86-44953 
035 |a (RuTPU)RU\TPU\book\302224 
090 |a 278946 
100 |a 20141216d1986 m y0rusy5003 ca 
101 0 |a rus 
102 |a RU 
105 |a y z 000zd 
200 1 |a Народные артисты: театральные портреты  |f В. Ф. Пименов 
210 |a Москва  |c Искусство  |d 1986 
215 |a 171 с. 
600 1 |a Таиров  |b А. Я.  |c российский режиссер  |c народный артист России  |f 1885-1959  |g Александр Яковлевич  |2 stltpush  |3 (RuTPU)RU\TPU\pers\18661  |9 6960 
600 1 |a Акимов  |b Н. П.  |c российский живописец и книжный график  |c театральный художник, режиссер и педагог  |f 1901-1968  |g Николай Павлович  |2 stltpush  |3 (RuTPU)RU\TPU\pers\16174  |9 5731 
600 1 |a Ливанов  |b Б. Н.  |c актёр театра и кино  |c режиссёр  |f 1904-1972  |g Борис Николаевич  |2 stltpush  |3 (RuTPU)RU\TPU\pers\36779 
600 1 |a Охлопков  |b Н. П.  |c актёр театра и кино  |c режиссер  |f 1900-1967  |g Николай Павлович  |2 stltpush  |3 (RuTPU)RU\TPU\pers\36772 
600 1 |a Черкасов  |b Н. К.  |c российский актор театра и кино  |c народный артист СССР  |f 1903-1966  |g Николай Константинович  |2 stltpush  |3 (RuTPU)RU\TPU\pers\25753  |9 11652 
600 1 |a Михоэлс (Вовси)  |b С. М.  |c российский режиссер, актер  |f 1890-1948  |g Соломон Михайлович  |2 stltpush  |3 (RuTPU)RU\TPU\pers\15348  |9 5282 
600 1 |a Ульянов  |b М. А.  |c российский актер  |c народный артист СССР  |f 1927-2007  |g Михаил Александрович  |2 stltpush  |3 (RuTPU)RU\TPU\pers\13377  |9 4032 
606 1 |a Театр  |2 stltpush  |3 (RuTPU)RU\TPU\subj\58738  |9 76490 
610 1 |a актерское искусство 
610 1 |a режиссура 
610 1 |a советский драматический театр 
610 1 |a артисты 
610 1 |a биографии 
610 1 |a персоналии 
610 1 |a творчество 
675 |a 792  |z rus  |v 4 
700 1 |a Пименов  |b В. Ф.  |g Владимир Федорович  |2 stltpush  |3 (RuTPU)RU\TPU\pers\13377 
801 0 |a RU  |b RuMRKP  |c 19950704  |g psbo 
801 1 |a RU  |b 63413507  |c 20141216 
801 2 |a RU  |b 63413507  |c 20170413  |g RCR 
942 |c BK